The scoreboard of life. (Record no. 12755)

000 -LEADER
fixed length control field 00494nam a2200181 a 4500
001 - CONTROL NUMBER
control field :::00010569$&:&@@
003 - CONTROL NUMBER IDENTIFIER
control field OkBaRHE
005 - DATE AND TIME OF LATEST TRANSACTION
control field 20000607103400.0
008 - FIXED-LENGTH DATA ELEMENTS--GENERAL INFORMATION
fixed length control field j 000 0 eng u
040 ## - CATALOGING SOURCE
Transcribing agency
100 1# - MAIN ENTRY--PERSONAL NAME
Personal name Russell, David.
245 14 - TITLE STATEMENT
Title The scoreboard of life.
260 ## - PUBLICATION, DISTRIBUTION, ETC. (IMPRINT)
Place of publication, distribution, etc No Imprint.
300 ## - PHYSICAL DESCRIPTION
Extent 35 p. ;
Dimensions 21 cm.
650 ## - SUBJECT ADDED ENTRY--TOPICAL TERM
Topical term or geographic name as entry element Christian Life
942 ## - ADDED ENTRY ELEMENTS (KOHA)
Source of classification or shelving scheme
Koha item type Books
Copies
Koha item type Not for loan Damaged status Shelving location Lost status Permanent Location Source of classification or shelving scheme Copy number Date last seen Full call number Price effective from Date acquired Withdrawn status Barcode
Books  General Stacks RHEMA Bible Training College 12010-04-14BV 4501 .R82010-04-142010-04-14 10569